University Home | Library Home | Institutional Repository

Principles of biology / (Record no. 207915)

MARC details
000 -LEADER
fixed length control field 00550 a2200181 4500
005 - DATE AND TIME OF LATEST TRANSACTION
control field 20211125170244.0
008 - FIXED-LENGTH DATA ELEMENTS--GENERAL INFORMATION
fixed length control field 211001b ||||| |||| 00| 0 eng d
020 ## - INTERNATIONAL STANDARD BOOK NUMBER
International Standard Book Number 9781943405251
040 ## - CATALOGING SOURCE
Original cataloging agency LC
Transcribing agency UNZA
Description conventions RDA
050 ## - LIBRARY OF CONGRESS CALL NUMBER
Classification number QH 308.5
Item number PRI 2015.
245 ## - TITLE STATEMENT
Title Principles of biology /
Statement of responsibility, etc. [author not identified].
260 ## - PUBLICATION, DISTRIBUTION, ETC.
Place of publication, distribution, etc. Austin :
Name of publisher, distributor, etc. Sapling Learning,
Date of publication, distribution, etc. 2015.
300 ## - PHYSICAL DESCRIPTION
Extent v, 102 pages [and other various pages] :
Other physical details illustrations.
440 ## - SERIES STATEMENT/ADDED ENTRY--TITLE
Title Introduction and chemistry
Volume/sequential designation 1
504 ## - BIBLIOGRAPHY, ETC. NOTE
Bibliography, etc. note Includes index.
650 ## - SUBJECT ADDED ENTRY--TOPICAL TERM
Topical term or geographic name entry element Biology.
999 ## -
-- 207915
-- 207915
942 ## - ADDED ENTRY ELEMENTS (KOHA)
Koha item type Book
Holdings
Withdrawn status Lost status Source of classification or shelving scheme Damaged status Not for loan Collection code Home library Current library Shelving location Date acquired Source of acquisition Total Checkouts Full call number Barcode Checked out Date last seen Date last checked out Copy number Cost, replacement price Price effective from Koha item type
    Library of Congress Classification     Non-fiction Main Library Main Library On Shelf 09/30/2021 Donation 6 QH 308.5 PRI 2015. 33729001693733 03/09/2026 02/23/2026 02/23/2026 1 300.00 09/30/2021 Book
© 2026 - The University of Zambia Library - Koha v25.11